| 000 | 00755pam a2200217 a 4500 | ||
|---|---|---|---|
| 020 | _a0521578213 (pb : student's book) | ||
| 020 | _a0521578191 (cassettes) | ||
| 020 | _a0521578205 (pb : teacher's manual) | ||
| 040 | _cDLC | ||
| 082 | 0 | 0 | _a428 CAM 1999 A023 Or. |
| 100 | 1 | _aEspeseth, Miriam. | |
| 245 | 1 | 0 |
_aAcademic listening encounters : _blistening, note-taking, and discussion : content focus, human behavior / |
| 260 |
_aCambridge [England] ; _aNew York : _bCambridge University Press, _c1999. |
||
| 300 |
_axxiv, 146 p. : _bill. ; _c26 cm. |
||
| 500 | _aIncludes index. | ||
| 650 | 0 | _aEnglish language | |
| 650 | 0 | _aStudy skills | |
| 650 | 0 | _aListening | |
| 856 | 4 | 2 | _uhttp://www.loc.gov/catdir/description/cam029/98021469.html |
| 942 | _cEK | ||
| 999 |
_c13784 _d13784 |
||